مكتبة جامعة عجلون الوطنية

فهرس بحث المكتبة

Normal view MARC view
  • الجغرافية الطبيعية - البلدان العربية

Entry Topical Term

Number of records used in: 1

001 - CONTROL NUMBER

  • control field: 60261

003 - CONTROL NUMBER IDENTIFIER

  • control field: JO-AjAnu

005 - DATE AND TIME OF LATEST TRANSACTION

  • control field: 20230606083842.0

008 - FIXED-LENGTH DATA ELEMENTS

  • fixed length control field: 230606|| aca||aabn | a|a d

040 ## - CATALOGING SOURCE

  • Original cataloging agency: JO-AjAnu
  • Transcribing agency: JO-AjAnu

150 ## - HEADING--TOPICAL TERM

  • Topical term or geographic name entry element: الجغرافية الطبيعية - البلدان العربية

670 ## - SOURCE DATA FOUND

  • Source citation: Work cat.: (JO-AjAnu)30731: عبدالله، عبد الفتاح لطفي, author 60260, جغرافية الوطن العربي تحليل الابعاد الجغرافية لمشكلات الوطن العربي: الأمن المائي والامن الغذائي والتحدي الديموغرافي وظاهرة التحضر